000 01702nam a22001577a 4500
003 OSt
005 20260429101221.0
008 260429b |||||||| |||| 00| 0 SPAd
100 _aROBERT FISHER
245 _aEL Caballero de la Armadura Oxidada
250 _a1ra
300 _a89 pag
500 _a,
520 _aEL DILEMA DEL CABALLERO Hace ya mucho tiempo, en una tierra muy lejana, vivía un caballero que pensaba que era bueno, generoso y amoroso. Hacía todo lo que suelen hacer los caballeros buenos, generosos y amorosos. Luchaba contra sus enemigos, que eran malos, mezquinos y odiosos. Mataba dragones y rescataba damiselas en apuros. Cuando en el asunto de la caballería había crisis, tenía la mala costumbre de rescatar damiselas incluso cuando ellas no deseaban ser rescatadas y, debido a esto, aunque muchas damas le estaban agradecidas, otras tantas se mostraban furiosas con el caballero. Él lo aceptaba con filosofía. Después de todo, no se puede contentar a todo el mundo. Nuestro caballero era famoso por su armadura. Reflejaba unos rayos de luz tan brillantes que la gente del pueblo juraba haber visto el sol salir en el norte o ponerse en el este cuando el caballero partía a la batalla. Y partía a la batalla con bastante frecuencia. Ante la mera mención de una cruzada, el caballero se ponía la armadura entusiasmado, montaba su caballo y cabalgaba en cualquier dirección. Su entusiasmo era tal que a veces partía en varias direcciones a la vez, lo cual no es nada fácil. Durante años, el caballero se esforzó en ser el número uno del reino. Siempre había otra batalla que ganar, otro dragón que matar u otra damisela que rescatar.
942 _2ddc
_cBKA
_n0
999 _c2085
_d2085